00602nam a22001337a 4500008004100000020001500041050001800056100002200074245007600096260003700172300002500209505021400234650002000448111130t xxu||||| |||| 00| 0 eng d a0201074397 aHB171.5.S6443 aSolomon, Lewis C. aStudy guide and workbook to accompany microeconomics /cLewis C. Solmon aLondon:bAddison-Wesley,cc1976. a178 p.:bill.c24cm. aContents: Some basic economic concepts -- The Circular flow of expenditures and income -- Price and output in the product market -- Price and employment in the factor market -- Contemporary economic problems.  aMicroeconomics.